Normal view
MARC view
Entry Personal Name
001 - CONTROL NUMBER
- control field: 14460
003 - CONTROL NUMBER IDENTIFIER
- control field: dpl
005 - DATE AND TIME OF LATEST TRANSACTION
- control field: 20100817154954.0
008 - FIXED-LENGTH DATA ELEMENTS
- fixed length control field: 100817|||a|||||| | ||| d
040 ## - CATALOGING SOURCE
- Original cataloging agency: dpl
- Transcribing agency: dpl
100 ## - HEADING--PERSONAL NAME
- Personal name: Dhikav, Vikas
670 ## - SOURCE DATA FOUND
- Source citation: Work cat.: (dpl)42296: Dhikav, Vikas, Sure way of clearing MCI screening / DNB examination /, 2009
670 ## - SOURCE DATA FOUND
- Source citation: Work cat.: (dpl)42296: Dhikav, Vikas, Sure way of clearing MCI screening / DNB examination /, 2009
